000 00926cam a2200241 a 4500
001 000001738
005 20200929145701.0
008 951120s1995 ck bd b 001 0 spa d
020 _z9586122107
040 _aDO-SdBNP
_bspa
_cBNPHU
082 _a930.102
_bI43a
245 0 0 _aInformática y arqueología :
_bun modelo para el manejo de datos básicos /
_cCristina Urrego ... [et al.].
260 _aColombia :
_bColcultura;
_bTM Editores,
_c1995.
300 _a178 p. :
_btablas, mapas ;
_c21 cm.
440 0 _aPremios Nacionales de Cultura, 1994
_pAntropología
_95652
504 _aIncluye referencias bibliográficas p. 171-178
650 4 _aArqueología
_xProcesamiento electrónico de datos
_95653
700 1 _aUrrego, Cristina
_95654
700 1 _aHerrera, Luisa Fernanda
_95655
700 1 _aMora, Santiago
_95656
700 1 _aCavelier, Inés
_95657
830 0 _aPremios Nacionales de Cultura, 1994
_pAntropología
_95652
999 _c1616
_d1616